000 00916nam a22001817a 4500
999 _c61128
_d61128
005 20231221123535.0
008 231221s1960 ru ||||| |||| 00| 0 rus d
041 _arus
080 _a94(398) И-75
100 _aИордан
_920836
245 _a"О происхождении и деяниях гетов" :
_bGetica /
_cИордан; Вступительная статья, перевод, комментарий Е. Ч. Скржинской.
264 _aМ.:
_bИздательство восточной литературы,
_c1960.
300 _a436 с.;
_b23 см.
440 _aПамятники средневековой истории народов Центральной и Восточной Европы
_920837
653 _aგეთაების წარმოშობისა და ღვაწლის შესახებ
653 _aისტორია
942 _2udc
_cBK